000 00350nam a2200133Ia 4500
008 240112s1972 JULY-SPT xx 000 0 und d
041 _aeng
082 _a617.703
100 _aNEWELL F.
245 _aAMERICAN JOURNAL OF OPHTHALMOLOGY SERIES-3
260 _bOPHTHALMICPUB. COM.
_c1972 JULY-SPT
300 _a570,HB
_c(1-3)
440 _v74
999 _c1142059
_d1142059